Dublin office market (Record no. 77019)

MARC details
000 -LEADER
fixed length control field 00839cab a2200193 4500
001 - CONTROL NUMBER
control field ##L133462
008 - FIXED-LENGTH DATA ELEMENTS--GENERAL INFORMATION
fixed length control field 060511n2006 000 0 eng u
035 ## - SYSTEM CONTROL NUMBER
System control number (Sirsi) u133462
041 0# - LANGUAGE CODE
Language code of text/sound track or separate title eng
100 1# - MAIN ENTRY--PERSONAL NAME
Personal name Barrett, Suzanne
245 00 - TITLE STATEMENT
Title Dublin office market
Remainder of title the year ahead
260 ## - PUBLICATION, DISTRIBUTION, ETC.
Date of publication, distribution, etc. 2006
490 #0 - SERIES STATEMENT
Series statement Property Forecast
Volume/sequential designation 9(4) April 2006, 8-9(2)
520 ## - SUMMARY, ETC.
Summary, etc. Looks at the expansion on the Dublin office market in 2005 and its causes, and prospects for 2006. Re-emergence of confidence has driven the improved performance, with strong economic conditions and favourable labour market trends playing a part. Expectations for 2006 are for this level of take-up to be significantly surpassed. Graph and table.
590 ## - LOCAL NOTE (RLIN)
Local note IKA230506
651 #4 - SUBJECT ADDED ENTRY--GEOGRAPHIC NAME
Geographic name DUBLIN
690 ## - LOCAL SUBJECT ADDED ENTRY--TOPICAL TERM (OCLC, RLIN)
Topical term or geographic name as entry element PROPERTY-COMMERCIAL PROPERTY-OFFICE PROPERTY
942 ## - ADDED ENTRY ELEMENTS (KOHA)
Suppress in OPAC 0
Holdings
Withdrawn status Lost status Source of classification or shelving scheme Damaged status Not for loan Home library Current library Shelving location Date acquired Total Checkouts Full call number Barcode Date last seen Copy number Price effective from Koha item type
    Dewey Decimal Classification     London London Journal article 11/05/2006   L133462 133462-1001 06/08/2019 1 06/08/2019 Journal article